ბათუმის შოთა რუსთაველის სახელმწიფო უნივერსიტეტის ბიბლიოთეკა

ინანი : (ბიბ.ჩანაწერი № 39954)

000 -ლიდერი
ფიქსირებული სიგრძის საკონტროლო ველი 01012nam a2200241Ia 4500
001 - საკონტროლო ნომერი
საკონტროლო ველი 6560
003 - საკონტროლო ნომრის იდენტიფიკატორი
საკონტროლო ველი GE_BSU
005 - ბოლო ოპერაციის თარიღი და დრო
საკონტროლო ველი 20191017171516.0
008 - ფიქსირებული სიგრძის მონაცემთა ელემენტები - ზოგადი ინფორმაცია
ფიქსირებული სიგრძის საკონტროლო ველი 181216s1955||||ge |||||||||||||| ||geo||
040 ## - კატალოგიზაციის წყარო
Transcribing agency GE_BSU
041 ## - ენის კოდი
Language code of text/sound track or separate title geo
080 ## - უნივერსალური ათობითი კლასიფიკაციის ინდექსი
Universal Decimal Classification number 821.353.1-2 ბ-57
100 ## - მთავარი ჩანაწერი - პიროვნების სახელი
Personal name ბერძენიშვილი, გრიგოლ
9 (RLIN) 4808
245 ## - ცნობა სათაურის შესახებ
Title ინანი :
Remainder of title დრამა 4 მოქმ.10 სურათად /
Statement of responsibility, etc გრიგოლ ბერძენიშვილი ; რედ. გ. ქიქოძე ; მხატვ. ნ. იანქოშვილი.
250 ## - გამოცემის ცნობა
Edition statement საქ.თეატრის საზ-ბა.
264 ## - წარმოების, გამოცემის, დისტრიბუციის და სხვა ცნობები
გამოცემის, წარმოების, დისტრიბუციის... ადგილი თბილისი :
გამოცემის, წარმოების, დისტრიბუციის... სახელწოდება ხელოვნება ;
გამოცემის, წარმოების, დისტრიბუციის... თარიღი 1955.
300 ## - ფიზიკური აღწერა
Extent 90 გვ. ;
Dimensions 20 სმ.
653 ## - INDEX TERM--UNCONTROLLED
Uncontrolled term ინანი
653 ## - INDEX TERM--UNCONTROLLED
Uncontrolled term დრამა
700 ## - ADDED ENTRY--PERSONAL NAME
Personal name ქიქოძე, გ.
Relator term რედაქტორი
9 (RLIN) 4458
700 ## - ADDED ENTRY--PERSONAL NAME
Personal name იანქოშვილი, ნ.
Relator term მხატვარი
9 (RLIN) 4809
942 ## - ADDED ENTRY ELEMENTS (KOHA)
Koha item type წიგნი
Source of classification or shelving scheme
ეგზემპლარები
ჩამოწერის სტატუსი დაკარგული ეგზემპლარის სტატუსი კლასიფიკაციის წყარო ან თაროზე გაწყობის სქემა დაზიანების სტატუსი არ გაიცემა მუდმივი მდებარეობა (დაცვის ადგილი) ამჟამინდელი ადგილსამყოფელი თაროზე განთავსების ადგილი შეძენის თარიღი ღირებულება, შესყიდვის ნორმალური ფასი სრული შენახვის შიფრი შტრიხკოდი ბოლო ოპერაციის თარიღი ეგზემპლარის მიმდევრობითი ნომერი (კეტერი?) ფასის ძალაში შესვლის თარიღი ეგზემპლარის სახეობა საჯარო შენიშვნა
          ბათუმის შოთა რუსთაველის სახელმწიფო უნივერსიტეტის მთავარი ბიბლიოთეკა ბათუმის შოთა რუსთაველის სახელმწიფო უნივერსიტეტის მთავარი ბიბლიოთეკა წიგნსაცავი 2018-12-17 5.20 821.353.1-2 ბ-57 14128 2018-12-17 14128 2018-12-17 წიგნი 5.20 ლ.
          ბათუმის შოთა რუსთაველის სახელმწიფო უნივერსიტეტის მთავარი ბიბლიოთეკა ბათუმის შოთა რუსთაველის სახელმწიფო უნივერსიტეტის მთავარი ბიბლიოთეკა წიგნსაცავი 2018-12-17 5.40 821.353.1-2 ბ-57 14129 2018-12-17 14129 2018-12-17 წიგნი 5.40 ლ.